Statistics for 2023-24 FIFA MAN UNITED PLAYER BY PICTURE

Click here to take the quiz!

General Stats

  • This quiz has been taken 136 times
  • The average score is 19 of 23

Answer Stats

Answer% Correct
Harry Maguire
100%
Casemiro
99%
Bruno Fernandes
98%
Marcus Rashford
98%
André Onana
93%
Antony
93%
Jadon Sancho
89%
Anthony Martial
88%
Raphaël Varane
88%
Luke Shaw
87%
Mason Mount
87%
Christian Eriksen
86%
Alejandro Garnacho
85%
Lisandro Martínez
85%
Rasmus Højlund
85%
Victor Lindelöf
83%
Aaron Wan-Bissaka
81%
Scott McTominay
80%
Jonny Evans
74%
Sofyan Amrabat
71%
Diogo Dalot
64%
Sergio Reguilón
61%
Facundo Pellistri
55%

Score Distribution

Percentile by Number Answered

Percent of People with Each Score

Your Score History

You have not taken this quiz